| 000 | 00625nam a2200169 a 4500 | ||
|---|---|---|---|
| 008 | 090302s1998 ||||||||||||||||| || u | ||
| 020 | _a0750637455 | ||
| 050 | _aTK 152 Ker | ||
| 100 | _aKervill, Gregg | ||
| 245 | 1 | 0 | _aPractical guide to the low voltage directive |
| 260 |
_aOxford _bNewnes _c1998 |
||
| 300 | _avii; 203p.: ill | ||
| 350 | _a0.00 | ||
| 650 | _aELECTRIC ENGINEERING--SAFETY REGULATIONS--LOW VOLTAGE SYSTEMS | ||
| 650 | _aENGINEERING | ||
| 995 |
_D0.00 _FCBU-MAIN LIBRARY (Kitwe) _H1 _I0.00 _M1 _UAVAILABLE _WApr 15, 2009 _ZMain Library Open Access Collection |
||
| 999 |
_c54249 _d54249 |
||